Production and operations management : Manufacturing and services
Salvato in:
| Autore principale: | |
|---|---|
| Natura: | Libro |
| Lingua: | Undetermined |
| Pubblicazione: |
New York
McGraw-Hill
1993
|
| Soggetti: | |
| Tags: |
Aggiungi Tag
Nessun Tag, puoi essere il primo ad aggiungerne! !
|
| Thư viện lưu trữ: | Trung tâm Học liệu Trường Đại học Cần Thơ |
|---|
| LEADER | 00556nam a2200193Ia 4500 | ||
|---|---|---|---|
| 001 | CTU_22099 | ||
| 008 | 210402s9999 xx 000 0 und d | ||
| 082 | |a 658.5 | ||
| 082 | |b D581 | ||
| 100 | |a Dilworth, James B. | ||
| 245 | 0 | |a Production and operations management : | |
| 245 | 0 | |b Manufacturing and services | |
| 245 | 0 | |c James B. Dilworth | |
| 260 | |a New York | ||
| 260 | |b McGraw-Hill | ||
| 260 | |c 1993 | ||
| 650 | |a Industrial management,Managerial economics | ||
| 904 | |i Minh, 980304 | ||
| 980 | |a Trung tâm Học liệu Trường Đại học Cần Thơ | ||